000 01114nam a2200325 i 4500
001 768714001
003 CO-MdFUSB
005 20240229130757.0
007 ta
008 171127t1992 xxu||||| |||| 00| 0 spa d
020 _a0-89922-380-X
040 _aCO-MdFUSB
_bspa
_cCO-MdFUSB
_dCO-MdFUSBC
_erda
041 0 _aspa
082 0 4 _a226.6
_223
_bG6439h
100 1 _aGonzález, Justo Luis
_eautor
245 0 _aHechos
_c/ Justo L. González
264 1 _aMiami, FL., USA :
_b Caribe,
_c[1992]
264 4 _c©1992
300 _a344 páginas
_c; 22 cm
336 _2rdacontent
_atexto
_btxt
337 _2rdamedia
_asin mediación
_bn
338 _2rdacarrier
_avolumen
_bnc
490 _aComentario Bíblico Hispanoamericano
505 _tComentario sobre Hechos:
_aIntroducción. -- El pentecostés. -- La iglesia en Jerusalén. -- Nuevos horizontes. -- La misión se define. -- La misión a Europa. -- En derredor de Ëfeso. -- Cautiverio de Pablo.
563 _aPasta dura
630 0 7 _aBiblia.
_pHechos
_xCrítica, interpretación, etc.
630 0 7 _aBiblia.
_pHechos
942 _cBK
945 _aJTF-925
999 _c33548
_d33548